[Event "Chess24 Banter Blitz Cup"]
[Site "chess24.com INT"]
[Date "2020.03.22"]
[Round "3.6"]
[White "Tang, Andrew"]
[Black "Nihal, Sarin"]
[Result "1-0"]
[WhiteTitle "GM"]
[BlackTitle "GM"]
[WhiteElo "2507"]
[BlackElo "2610"]
[WhiteFideId "2059630"]
[BlackFideId "25092340"]
[EventDate "2019.09.25"]
[EventType "blitz"]

1. d4 Nf6 2. c4 e6 3. Nc3 Bb4 4. Qc2 d5 5. cxd5 exd5 6. Bg5 h6 7. Bh4 Nc6 8. e3
g5 9. Bg3 h5 10. h3 Ne4 11. Bh2 Qe7 12. Bb5 Bd7 13. Ne2 O-O-O 14. Bxc6 Bxc6 15.
a3 Bxc3+ 16. Nxc3 Rhe8 17. Rc1 Nxc3 18. Qxc3 a6 19. Qc5 Qxc5 20. Rxc5 Kd7 21.
Kd2 Rc8 22. Rhc1 Re6 23. b3 Rf6 24. f3 Re6 25. a4 b6 26. R5c3 a5 27. Ke2 f6 28.
Kf2 Rce8 29. h4 gxh4 30. Bf4 Rc8 31. Rh1 Ke7 32. Rxh4 Be8 33. g4 hxg4 34. Rh7+
Bf7 35. fxg4 c5 36. Rc1 Rec6 37. Re1 cxd4 38. exd4+ Re6 39. Rxe6+ Kxe6 40. Rh3
Rc2+ 41. Ke1 Rb2 42. Bc7 Rb1+ 43. Kd2 Kd7 44. Bxb6 Bg6 45. Bxa5 Rb2+ 46. Ke1 Rc2
47. Bd2 Be4 48. a5 Rb2 49. b4 Ra2 50. b5 Ra1+ 51. Ke2 Ra2 52. a6 f5 53. gxf5
Bxf5 54. Rc3 Bg4+ 55. Ke3 Bh3 56. Rb3 Bf1 57. b6 Bxa6 58. b7 Bxb7 59. Rxb7+ Kc6
60. Rb3 Kd6 61. Bb4+ Ke6 62. Bc5 Kf5 63. Rc3 Kg4 64. Rb3 Ra1 65. Kd3 Re1 66. Kc3
Re4 67. Kb4 Rf4 68. Kb5 Re4 69. Rb4 1-0

[Event "Chess24 Banter Blitz Cup"]
[Site "chess24.com INT"]
[Date "2020.03.22"]
[Round "3.7"]
[White "Nihal, Sarin"]
[Black "Tang, Andrew"]
[Result "0-1"]
[WhiteTitle "GM"]
[BlackTitle "GM"]
[WhiteElo "2610"]
[BlackElo "2507"]
[WhiteFideId "25092340"]
[BlackFideId "2059630"]
[EventDate "2019.09.25"]
[EventType "blitz"]

1. Nf3 d5 2. e3 Nf6 3. c4 e6 4. b3 Bd6 5. Bb2 O-O 6. Nc3 b6 7. Rc1 a6 8. d4 Bb7
9. cxd5 exd5 10. g3 Nbd7 11. Bg2 Re8 12. O-O Qe7 13. Ne2 Ne4 14. Nf4 Rad8 15.
Nd3 Nf8 16. Nfe5 f6 17. Nc6 Bxc6 18. Rxc6 Qd7 19. Rc2 Ne6 20. Qh5 N6g5 21. Rfc1
g6 22. Qe2 Re7 23. Qf1 Rde8 24. Nf4 Qf5 25. h4 Bxf4 26. exf4 Ne6 27. Qxa6 g5 28.
hxg5 fxg5 29. Ba3 Rf7 30. Qb5 Ra8 31. Bb2 gxf4 32. Qd3 f3 33. Bh1 N6g5 34. Rxc7
Nh3+ 35. Kf1 Nhxf2 36. Rxf7 Qxf7 37. Qxf3 Nd2+ 38. Kxf2 Nxf3 39. Bxf3 Rxa2 40.
Rc2 Qf5 41. Rd2 Ra7 42. Kg2 Rf7 43. Rf2 h5 44. Bc1 h4 45. gxh4 Rg7+ 46. Bg5 Rf7
47. Kg3 Qd3 48. Kg2 Qxd4 49. Re2 Qd3 50. Rf2 b5 51. Kg3 d4 52. Kg4 Qxb3 53. Re2
Qd3 54. Re8+ Kg7 55. Be4 Qe2+ 56. Kg3 Qf2+ 57. Kg4 Qg1+ 58. Kh3 Qf1+ 59. Kg4
Qe2+ 60. Kg3 Qh5 0-1

[Event "Chess24 Banter Blitz Cup"]
[Site "chess24.com INT"]
[Date "2020.03.22"]
[Round "3.8"]
[White "Tang, Andrew"]
[Black "Nihal, Sarin"]
[Result "1-0"]
[WhiteTitle "GM"]
[BlackTitle "GM"]
[WhiteElo "2507"]
[BlackElo "2610"]
[WhiteFideId "2059630"]
[BlackFideId "25092340"]
[EventDate "2019.09.25"]
[EventType "blitz"]

1. d4 d5 2. Bf4 Nf6 3. e3 e6 4. Nf3 c5 5. Nbd2 Nc6 6. c3 Bd6 7. Bg3 O-O 8. Bd3
b6 9. e4 Be7 10. e5 Nh5 11. Ng5 Bxg5 12. Qxh5 g6 13. Qe2 cxd4 14. h4 Bh6 15. h5
g5 16. Nf3 dxc3 17. bxc3 f5 18. exf6 Qxf6 19. O-O Bg7 20. Rfe1 g4 21. Nh2 e5 22.
Nxg4 Bxg4 23. Qxg4 e4 24. Bc2 Kh8 25. Rad1 Ne5 26. Qh4 Rad8 27. Re2 Qf5 28. Bxe4
Qg4 29. h6 Bf6 30. Qxg4 Nxg4 31. Bxd5 Nxh6 32. c4 Nf5 33. Bf4 Ne7 34. g3 Ng6 35.
Bc1 Be5 36. Rxe5 Nxe5 37. Bb2 Rf5 38. f4 Kg7 39. Bxe5+ Kh6 40. Kg2 Rh5 41. g4
Rxe5 42. Rh1+ Kg7 43. fxe5 Re8 44. Re1 Kg6 45. Kg3 Kg5 46. Rh1 Re7 47. Rh5+ Kg6
48. Be4+ Kf7 49. Rxh7+ Ke6 50. Rxe7+ Kxe7 51. Kf3 Ke6 52. g5 Kxe5 53. g6 Kf6 54.
c5 Kg7 55. cxb6 axb6 56. Ke3 b5 57. Kd3 Kf6 58. Kc2 b4 59. Kb3 Kg7 60. Kxb4 Kf6
61. a4 Ke5 62. a5 Kxe4 63. a6 Kf4 64. a7 Ke3 65. a8=Q Kd2 66. Qa5 Kc1 67. Qc5+
Kb2 68. Kb5 Kb1 69. g7 Kb2 70. Qc6 Ka2 71. Kb6 Kb1 72. Kc7 Ka1 73. Qb6 1-0

[Event "Chess24 Banter Blitz Cup"]
[Site "chess24.com INT"]
[Date "2020.03.22"]
[Round "3.9"]
[White "Nihal, Sarin"]
[Black "Tang, Andrew"]
[Result "1-0"]
[WhiteTitle "GM"]
[BlackTitle "GM"]
[WhiteElo "2610"]
[BlackElo "2507"]
[WhiteFideId "25092340"]
[BlackFideId "2059630"]
[EventDate "2019.09.25"]
[EventType "blitz"]

1. e4 e5 2. Nf3 Nc6 3. Bb5 a6 4. Ba4 Nf6 5. O-O Be7 6. d3 b5 7. Bb3 d6 8. Bd2
O-O 9. h3 h6 10. Re1 Be6 11. Bxe6 fxe6 12. a4 Qe8 13. Be3 Qf7 14. Nbd2 Nh5 15.
c3 Nf4 16. Bxf4 exf4 17. d4 Rfb8 18. axb5 axb5 19. Rxa8 Rxa8 20. Qb3 Rb8 21. d5
exd5 22. exd5 Nd8 23. Nd4 Bf6 24. N2f3 Qg6 25. Ne6 Nxe6 26. dxe6 Kh8 27. Qd5 Qe8
28. Qf5 b4 29. cxb4 Rxb4 30. e7 Rxb2 31. Nh4 c5 32. Ng6+ Kg8 33. Qd5+ Kh7 34.
Nf8+ Kh8 35. Qf5 c4 36. Qh7# 1-0

[Event "Chess24 Banter Blitz Cup"]
[Site "chess24.com INT"]
[Date "2020.03.22"]
[Round "3.10"]
[White "Tang, Andrew"]
[Black "Nihal, Sarin"]
[Result "0-1"]
[WhiteTitle "GM"]
[BlackTitle "GM"]
[WhiteElo "2507"]
[BlackElo "2610"]
[WhiteFideId "2059630"]
[BlackFideId "25092340"]
[EventDate "2019.09.25"]
[EventType "blitz"]

1. d4 d5 2. Bf4 c5 3. e3 Nc6 4. Nf3 cxd4 5. exd4 Bg4 6. Nbd2 e6 7. h3 Bh5 8. g4
Bg6 9. c3 Bd6 10. Ne5 Nge7 11. Nxg6 Nxg6 12. Be3 O-O 13. h4 Nxh4 14. g5 Nf5 15.
Qh5 h6 16. gxh6 g6 17. h7+ Kh8 18. Qh3 Qf6 19. Bd3 Nxe3 20. fxe3 e5 21. O-O-O
Rab8 22. Rdf1 Qe7 23. Kb1 b5 24. Bc2 e4 25. Bb3 Qe6 26. Qh6 Na5 27. Rh4 Nc4 28.
Kc2 Be7 29. Rhf4 g5 30. Qxe6 fxe6 31. Rxf8+ Rxf8 32. Rxf8+ Bxf8 33. Nf1 Kxh7 34.
Kc1 Kg6 35. Bd1 Kf5 36. b3 Nb6 37. Ng3+ Kf6 38. Bg4 Bd6 39. Nh1 Nd7 40. Kd1 Nf8
41. Be2 a6 42. Nf2 Ng6 43. c4 bxc4 44. bxc4 a5 45. c5 Bc7 46. Kc2 Nh4 47. Kb3
Nf3 48. Ka4 Kf5 49. Kb5 g4 50. Kc6 g3 51. Kxc7 gxf2 52. Kd7 Nd2 53. c6 Nc4 54.
c7 Nb6+ 55. Kc6 f1=Q 56. Kb7 Nc8 57. Bxf1 Nd6+ 0-1

[Event "Chess24 Banter Blitz Cup"]
[Site "chess24.com INT"]
[Date "2020.03.22"]
[Round "3.11"]
[White "Nihal, Sarin"]
[Black "Tang, Andrew"]
[Result "1-0"]
[WhiteTitle "GM"]
[BlackTitle "GM"]
[WhiteElo "2610"]
[BlackElo "2507"]
[WhiteFideId "25092340"]
[BlackFideId "2059630"]
[EventDate "2019.09.25"]
[EventType "blitz"]

1. e4 e5 2. Nf3 Nc6 3. Bb5 g6 4. O-O Bg7 5. c3 a6 6. Ba4 b5 7. Bb3 Na5 8. d4
exd4 9. cxd4 Nxb3 10. axb3 Ne7 11. Nc3 Bb7 12. Re1 O-O 13. h3 d6 14. Bg5 h6 15.
Be3 Re8 16. Qd2 Kh7 17. d5 c5 18. dxc6 Nxc6 19. Rad1 b4 20. Nd5 Rxe4 21. Bg5
Rxe1+ 22. Rxe1 Qh8 23. Qf4 Ne5 24. Nf6+ Bxf6 25. Bxf6 Nxf3+ 26. gxf3 Qc8 27. Re7
Bd5 28. Bd4 Qf5 29. Qxf5 gxf5 30. Rd7 Bxb3 31. Rxd6 a5 32. Be3 Be6 33. Rb6 b3
34. Bc5 a4 35. f4 Rc8 36. Ba3 Rc4 37. Rb4 Rc1+ 38. Kg2 Bd7 39. Rb6 Bc6+ 40. Kg3
Rg1+ 41. Kh4 Bd5 42. Bc5 Be6 43. Ra6 Rc1 44. Bd4 Rc4 45. Be5 f6 46. Bxf6 Bc8 47.
Ra7+ Kg8 48. Be5 Be6 49. Rg7+ Kf8 50. Ra7 Bf7 51. Bd6+ Kg8 52. Be5 Rc8 53. Ra6
a3 54. Rxh6 axb2 55. Rh8# 1-0

[Event "Chess24 Banter Blitz Cup"]
[Site "chess24.com INT"]
[Date "2020.03.22"]
[Round "3.12"]
[White "Tang, Andrew"]
[Black "Nihal, Sarin"]
[Result "0-1"]
[WhiteTitle "GM"]
[BlackTitle "GM"]
[WhiteElo "2507"]
[BlackElo "2610"]
[WhiteFideId "2059630"]
[BlackFideId "25092340"]
[EventDate "2019.09.25"]
[EventType "blitz"]

1. d4 d5 2. c4 c6 3. Nf3 Nf6 4. e3 Bf5 5. Nc3 e6 6. Nh4 Be4 7. f3 Bg6 8. Qb3 Qc7
9. Bd2 Be7 10. O-O-O Nbd7 11. Nxg6 hxg6 12. e4 dxe4 13. fxe4 Ng4 14. Re1 O-O-O
15. Be2 Nxh2 16. e5 Rh4 17. g3 Rxd4 18. Be3 Nc5 19. Qc2 Nd3+ 20. Bxd3 Rxd3 21.
Rxh2 Qxe5 22. Rhe2 Rxe3 23. Rxe3 Bg5 24. Qe4 Qxg3 25. Kc2 Bxe3 26. Rxe3 Qf2+ 27.
Kb3 Rd2 28. Re2 Qb6+ 29. Ka3 Qxb2+ 30. Ka4 Qxc3 31. Rxd2 Qxd2 32. Qf3 b5+ 33.
cxb5 cxb5+ 34. Ka3 Qc1+ 35. Kb3 Qc4+ 36. Ka3 b4+ 37. Ka4 b3+ 38. Ka5 Qc5+ 39.
Ka4 bxa2 40. Qa8+ Kd7 41. Qb7+ Qc7 42. Qb2 Qc6+ 43. Ka3 a1=Q+ 44. Qxa1 Qa6+ 45.
Kb2 Qxa1+ 46. Kxa1 g5 47. Kb2 g4 48. Kc3 g3 49. Kd4 g2 50. Ke4 g1=Q 51. Kf3 Qf2+
52. Ke4 g6 53. Kd3 g5 54. Kc4 g4 55. Kd3 g3 56. Ke4 g2 57. Ke5 g1=Q 58. Ke4
Qge1+ 59. Kd3 Qc1 60. Ke4 Qfd2 61. Kf3 Qce1 62. Kg4 Qdf2 63. Kh5 Qeg1 64. Kh6
Qfh2# 0-1

[Event "Chess24 Banter Blitz Cup"]
[Site "chess24.com INT"]
[Date "2020.03.22"]
[Round "3.13"]
[White "Nihal, Sarin"]
[Black "Tang, Andrew"]
[Result "1/2-1/2"]
[WhiteTitle "GM"]
[BlackTitle "GM"]
[WhiteElo "2610"]
[BlackElo "2507"]
[WhiteFideId "25092340"]
[BlackFideId "2059630"]
[EventDate "2019.09.25"]
[EventType "blitz"]

1. e4 e6 2. d4 d5 3. Nc3 dxe4 4. Nxe4 Nd7 5. Nf3 Ngf6 6. Bd3 c5 7. Nxf6+ Nxf6 8.
dxc5 Bxc5 9. Bg5 Qa5+ 10. c3 Be7 11. Qe2 Bd7 12. O-O O-O 13. Ne5 Rfd8 14. Rad1
Be8 15. a3 h6 16. Bh4 Rac8 17. Rfe1 Qa4 18. Bg3 a6 19. Bc2 Qb5 20. Qxb5 Bxb5 21.
Nf3 Bc6 22. Nd4 Bd5 23. f3 Nd7 24. Bf2 Bf6 25. Nb3 Ne5 26. Nd2 Nc4 27. Nxc4 Bxc4
28. Be3 Bd5 29. Kf2 Kf8 30. Bd4 Be7 31. Rd2 Bg5 32. Be3 Be7 33. Red1 Bc6 34. Bb6
Rxd2+ 35. Rxd2 Ke8 36. Be4 Bxe4 37. fxe4 Rc6 38. Bd4 g6 39. Kf3 h5 40. h3 Bg5
41. Be3 Bf6 42. g4 hxg4+ 43. hxg4 Rc7 44. g5 Bg7 45. Bd4 Rd7 46. Ke2 Bf8 47. Bf6
Rxd2+ 48. Kxd2 Kd7 49. Kd3 Kc6 50. c4 a5 51. Kc3 a4 52. Kd3 Bd6 53. Kc3 Bc5 54.
Kd3 Bb6 55. Kc3 Ba5+ 56. Kd3 Be1 57. Kc2 Bf2 58. Kd3 Bg3 59. Bd4 Bf4 60. Bf6 Bd6
61. Kd4 Bc5+ 62. Kc3 Kd7 63. Kd3 Bd6 64. Kc3 Kc6 65. Kd4 Bc7 66. Kc3 Ba5+ 67.
Kd3 Kc5 68. Bd4+ Kd6 69. Bf6 Kc6 70. Kc2 Bc7 71. Kd3 Bd6 1/2-1/2

[Event "Chess24 Banter Blitz Cup"]
[Site "chess24.com INT"]
[Date "2020.03.22"]
[Round "3.14"]
[White "Tang, Andrew"]
[Black "Nihal, Sarin"]
[Result "1/2-1/2"]
[WhiteTitle "GM"]
[BlackTitle "GM"]
[WhiteElo "2507"]
[BlackElo "2610"]
[WhiteFideId "2059630"]
[BlackFideId "25092340"]
[EventDate "2019.09.25"]
[EventType "blitz"]

1. d4 d5 2. Nf3 Nf6 3. Bf4 c5 4. e3 Nc6 5. Nbd2 cxd4 6. exd4 Bg4 7. c3 e6 8. Qb3
Qc8 9. h3 Bh5 10. Bd3 Bg6 11. Bxg6 hxg6 12. O-O Be7 13. Rfe1 O-O 14. Rad1 a6 15.
a4 Na5 16. Qc2 b5 17. axb5 axb5 18. b4 Nc4 19. Nb3 Ne4 20. Nc5 Bxc5 21. dxc5 Ra3
22. Rd3 Qa6 23. Nd2 Ra2 24. Qc1 Ncxd2 25. Bxd2 Qa4 26. Be3 Rc2 27. Qd1 Nxc3 28.
Qg4 Ne4 29. f3 Qxb4 30. Red1 f5 31. Qh4 g5 32. Bxg5 Qb2 33. Bd2 Rxd2 34. R3xd2
Nxd2 35. c6 Qc2 36. Re1 Qxc6 37. Qd4 Nb3 38. Qe3 Qc5 39. Kf2 f4 40. Qxc5 Nxc5
41. Ke2 Ra8 42. Rb1 Ra2+ 43. Kf1 Nd3 44. Rxb5 Rf2+ 45. Kg1 Rd2 46. Rb8+ Kh7 47.
Rb7 Ne1 48. Re7 Nxg2 49. Rxe6 Nh4 50. Kf1 Nxf3 51. h4 d4 52. h5 d3 53. h6 Nh2+
54. Kg1 Nf3+ 55. Kf1 Re2 56. Rxe2 dxe2+ 57. Kxe2 Nd4+ 58. Kd2 Kxh6 59. Kd3 g5
60. Kd2 Kh5 61. Ke1 Kg4 62. Kf2 f3 63. Kf1 Kf4 64. Kf2 g4 65. Ke1 g3 66. Kd2 g2
67. Kd3 g1=Q 68. Kc4 Qe3 69. Kd5 f2 70. Kc4 f1=Q+ 71. Kd5 Qfd3 72. Kc5 Qee4 73.
Kb6 Qc3 74. Ka7 Qe6 75. Kb8 Qec6 76. Ka7 Qb3 1/2-1/2

[Event "Chess24 Banter Blitz Cup"]
[Site "chess24.com INT"]
[Date "2020.03.22"]
[Round "3.15"]
[White "Nihal, Sarin"]
[Black "Tang, Andrew"]
[Result "1-0"]
[WhiteTitle "GM"]
[BlackTitle "GM"]
[WhiteElo "2610"]
[BlackElo "2507"]
[WhiteFideId "25092340"]
[BlackFideId "2059630"]
[EventDate "2019.09.25"]
[EventType "blitz"]

1. d4 d5 2. Nc3 e6 3. e4 dxe4 4. Nxe4 Nd7 5. g3 Ngf6 6. Nxf6+ Nxf6 7. Bg2 e5 8.
Nf3 exd4 9. Nxd4 Be7 10. O-O O-O 11. Re1 c6 12. c3 Bg4 13. Qb3 Qd7 14. Bf4 Bc5
15. Nf3 Be6 16. Ne5 Bxf2+ 17. Kxf2 Ng4+ 18. Nxg4 Bxb3 19. Ne5 Qe6 20. axb3 Qxb3
21. Re2 Rae8 22. Rae1 f6 23. Nd7 Rxe2+ 24. Rxe2 Rd8 25. Bh3 Kh8 26. Nc5 Qb5 27.
Ne6 Re8 28. Rd2 h5 29. Be3 Qc4 30. Nf4 g5 31. Nxh5 Qe4 32. Re2 Qg6 33. g4 Kg8
34. Ng3 Qd3 35. Bg2 Qc4 36. Nf5 Qxg4 37. Nh6+ Kg7 38. Nxg4 f5 39. Bd4+ Kf7 40.
Nh6+ Kf8 41. Bc5+ Kg7 42. Rxe8 b6 43. Re7+ Kxh6 44. Bd4 g4 45. Rg7 f4 46. Rxg4
c5 47. Be5 Kh5 48. Kf3 a5 49. Kxf4 a4 50. Bf6 a3 51. Be4 Kh6 52. Rh4# 1-0

[Event "Chess24 Banter Blitz Cup"]
[Site "chess24.com INT"]
[Date "2020.03.22"]
[Round "3.16"]
[White "Tang, Andrew"]
[Black "Nihal, Sarin"]
[Result "1-0"]
[WhiteTitle "GM"]
[BlackTitle "GM"]
[WhiteElo "2507"]
[BlackElo "2610"]
[WhiteFideId "2059630"]
[BlackFideId "25092340"]
[EventDate "2019.09.25"]
[EventType "blitz"]

1. d4 d5 2. Nf3 Bf5 3. Bf4 e6 4. c4 Nc6 5. Nc3 Nf6 6. e3 Bd6 7. Bg3 dxc4 8. Bxc4
O-O 9. O-O h6 10. Qe2 Ne4 11. Rac1 Nxc3 12. Rxc3 Bg6 13. Rd1 Nb4 14. Rcc1 Nd5
15. Ne5 Bh7 16. e4 Nb6 17. Bb3 Qe7 18. a3 Rad8 19. h3 c6 20. Qe3 Nd7 21. f4 Nf6
22. Bh4 Bc7 23. Bc2 Bb6 24. Kh1 Kh8 25. Rd2 c5 26. d5 c4 27. Qf3 exd5 28. exd5
Bxc2 29. Rcxc2 Ba5 30. Rd1 Qc5 31. b4 Bxb4 32. axb4 Qxb4 33. Rxc4 Qb5 34. Rcd4
Rd6 35. Bxf6 gxf6 36. Qh5 fxe5 37. Qxe5+ Kg8 38. Qxd6 Qe2 39. Qxh6 Re8 40. d6 1-0

[Event "Chess24 Banter Blitz Cup"]
[Site "chess24.com INT"]
[Date "2020.03.16"]
[Round "3.1"]
[White "Duda, Jan-Krzysztof"]
[Black "Edouard, Romain"]
[Result "1-0"]
[WhiteTitle "GM"]
[BlackTitle "GM"]
[WhiteElo "2734"]
[BlackElo "2641"]
[WhiteFideId "1170546"]
[BlackFideId "633429"]
[EventDate "2019.09.25"]
[EventType "blitz"]

1. e4 c5 2. Nf3 d6 3. d4 cxd4 4. Nxd4 Nf6 5. Nc3 a6 6. Bg5 e6 7. f4 Qc7 8. Bxf6
gxf6 9. Qf3 b5 10. O-O-O Bb7 11. f5 b4 12. Nb1 e5 13. Ne2 Nd7 14. Ng3 Nc5 15.
Bc4 h5 16. h4 Rc8 17. Nd2 Bh6 18. Kb1 Ke7 19. Bd5 Bxd5 20. exd5 Na4 21. Qd3 Rhg8
22. Nde4 Qb6 23. Qb3 Qa5 24. Rhe1 Rb8 25. Ka1 Rgc8 26. Nxh5 Nc3 27. Nhxf6 Nxd1
28. Rxd1 Be3 29. Qxe3 Rxc2 30. Qa7+ Rc7 31. Qxb8 b3 32. Qe8# 1-0

[Event "Chess24 Banter Blitz Cup"]
[Site "chess24.com INT"]
[Date "2020.03.16"]
[Round "3.2"]
[White "Edouard, Romain"]
[Black "Duda, Jan-Krzysztof"]
[Result "0-1"]
[WhiteTitle "GM"]
[BlackTitle "GM"]
[WhiteElo "2641"]
[BlackElo "2734"]
[WhiteFideId "633429"]
[BlackFideId "1170546"]
[EventDate "2019.09.25"]
[EventType "blitz"]

1. Nf3 d5 2. c4 e6 3. g3 Nf6 4. Bg2 dxc4 5. O-O Nbd7 6. Na3 Bxa3 7. bxa3 O-O 8.
Qc2 Rb8 9. a4 b6 10. Qxc4 c5 11. d3 Bb7 12. Bf4 Rc8 13. a5 Nd5 14. axb6 N7xb6
15. Qc1 Nxf4 16. Qxf4 c4 17. dxc4 Rxc4 18. Qe3 Qc7 19. Rfd1 Be4 20. Rac1 Nd5 21.
Qa3 Nc3 22. Rxc3 Rxc3 23. Qb4 Rc1 24. Qd2 Rxd1+ 25. Qxd1 Rc8 26. Qd4 Qc1+ 27.
Bf1 Bxf3 28. exf3 Qc5 29. Qe4 g6 30. Kg2 Rd8 31. Qf4 Rd4 32. Qb8+ Kg7 33. Qb2 a5
34. h4 Qb4 35. Qe2 Qd6 36. h5 Rd2 37. Qe3 Qd4 38. h6+ Kf6 0-1

[Event "Chess24 Banter Blitz Cup"]
[Site "chess24.com INT"]
[Date "2020.03.16"]
[Round "3.3"]
[White "Duda, Jan-Krzysztof"]
[Black "Edouard, Romain"]
[Result "0-1"]
[WhiteTitle "GM"]
[BlackTitle "GM"]
[WhiteElo "2734"]
[BlackElo "2641"]
[WhiteFideId "1170546"]
[BlackFideId "633429"]
[EventDate "2019.09.25"]
[EventType "blitz"]

1. e4 c6 2. d4 d5 3. exd5 cxd5 4. c3 Nf6 5. Bf4 Nc6 6. Nd2 g6 7. Ngf3 Bg7 8. h3
Bf5 9. Be2 Ne4 10. O-O O-O 11. Re1 f6 12. Bh2 e5 13. Nf1 Be6 14. Qb3 Qd7 15. Bb5
Qf7 16. Re2 Rae8 17. Rae1 g5 18. dxe5 g4 19. hxg4 Bxg4 20. Ne3 Bxf3 21. gxf3 Ng5
22. Kg2 fxe5 23. Qxd5 Ne6 24. Bc4 Kh8 25. Qe4 Qf6 26. Ng4 Qg5 27. Bd3 Qh5 28.
Ne3 Nf4+ 29. Bxf4 exf4 30. Ng4 Rxe4 31. Bxe4 Qg5 32. Rd2 h5 33. Rd5 Ne5 34. Rh1
Kg8 35. Rd6 hxg4 36. Bd5+ Nf7 37. Rd7 gxf3+ 38. Kxf3 Qf5 39. Be4 Ne5+ 0-1

[Event "Chess24 Banter Blitz Cup"]
[Site "chess24.com INT"]
[Date "2020.03.16"]
[Round "3.4"]
[White "Edouard, Romain"]
[Black "Duda, Jan-Krzysztof"]
[Result "0-1"]
[WhiteTitle "GM"]
[BlackTitle "GM"]
[WhiteElo "2641"]
[BlackElo "2734"]
[WhiteFideId "633429"]
[BlackFideId "1170546"]
[EventDate "2019.09.25"]
[EventType "blitz"]

1. c4 Nf6 2. g3 e6 3. Bg2 d5 4. Nf3 dxc4 5. Na3 Bxa3 6. Qa4+ Bd7 7. Qxa3 Bc6 8.
O-O Qd6 9. Qc3 Bd5 10. b3 cxb3 11. axb3 Qc6 12. Qb4 Na6 13. Qa3 Qd6 14. Qb2 O-O
15. d3 Nb4 16. Qc3 Bxf3 17. Bxf3 Nfd5 18. Qc4 a6 19. Bb2 c5 20. d4 Rac8 21. dxc5
Rxc5 22. Qd4 e5 23. Qxe5 Qxe5 24. Bxe5 Re8 25. Bd4 Rb5 26. Rac1 Nc6 27. Ba1 Na5
28. Bxd5 Rxd5 29. b4 Nb3 30. Rc2 Nxa1 31. Rxa1 Rb5 32. Rb1 g6 33. e3 Re4 34.
Rcb2 h5 35. h4 Kg7 36. Kf1 Kf6 37. Ke2 Kf5 38. Kd3 Re6 39. f3 Rd6+ 40. Ke2 Rc6
41. Rd2 Rc4 42. Rdb2 Rc3 43. Rb3 Rc2+ 44. Kd3 Rg2 45. e4+ Kf6 46. Ke3 Rxg3 47.
Rc1 Rh3 48. Rc5 Rxh4 49. Rd3 Rxc5 50. bxc5 Rh1 51. Rb3 Rc1 52. Rxb7 Rxc5 53.
Rb6+ Kg5 54. Rxa6 Rc3+ 55. Kf2 h4 56. e5 Rc2+ 57. Kf1 Rc5 58. Rf6 Rxe5 59. Rxf7
Rf5 60. Ra7 Rxf3+ 61. Kg2 Kg4 62. Ra5 h3+ 63. Kh2 g5 64. Kh1 Kh4 65. Ra1 g4 66.
Ra4 Rf1+ 67. Kh2 Rf2+ 68. Kh1 Rf3 69. Ra2 Kg5 70. Rg2 Rf4 71. Rxg4+ Rxg4 72. Kh2
Kh4 73. Kh1 Rg3 74. Kh2 Rg4 0-1

[Event "Chess24 Banter Blitz Cup"]
[Site "chess24.com INT"]
[Date "2020.03.16"]
[Round "3.5"]
[White "Duda, Jan-Krzysztof"]
[Black "Edouard, Romain"]
[Result "0-1"]
[WhiteTitle "GM"]
[BlackTitle "GM"]
[WhiteElo "2734"]
[BlackElo "2641"]
[WhiteFideId "1170546"]
[BlackFideId "633429"]
[EventDate "2019.09.25"]
[EventType "blitz"]

1. d4 c5 2. d5 e5 3. e4 d6 4. Bb5+ Nd7 5. a4 g6 6. Nc3 Bg7 7. Nf3 Ne7 8. O-O O-O
9. Nd2 h6 10. a5 f5 11. Be2 Nf6 12. f3 f4 13. Nc4 g5 14. a6 b6 15. Nb5 Ne8 16.
c3 Rf6 17. b4 Bd7 18. Nca3 Rg6 19. bxc5 bxc5 20. Rb1 h5 21. Nc4 g4 22. Ba3 Nc8
23. Re1 Qh4 24. Ncxd6 Ncxd6 25. Nxd6 Nxd6 26. Rb2 Rc8 27. Qb1 g3 28. h3 Bxh3 29.
gxh3 g2 30. Rb8 Qxh3 31. Rxc8+ Nxc8 32. Bxc5 Bf6 33. Bc4 Bh4 34. d6+ Kh8 0-1

[Event "Chess24 Banter Blitz Cup"]
[Site "chess24.com INT"]
[Date "2020.03.16"]
[Round "3.6"]
[White "Edouard, Romain"]
[Black "Duda, Jan-Krzysztof"]
[Result "0-1"]
[WhiteTitle "GM"]
[BlackTitle "GM"]
[WhiteElo "2641"]
[BlackElo "2734"]
[WhiteFideId "633429"]
[BlackFideId "1170546"]
[EventDate "2019.09.25"]
[EventType "blitz"]

1. e4 c5 2. Nf3 d6 3. d4 cxd4 4. Nxd4 Nf6 5. f3 e5 6. Nb3 a5 7. c4 Nxe4 8. fxe4
Qh4+ 9. Kd2 a4 10. Nc3 axb3 11. Qxb3 Be7 12. Nd5 Bg5+ 13. Kc3 Bd8 14. Bd3 Qf2
15. Be3 Ba5+ 0-1

[Event "Chess24 Banter Blitz Cup"]
[Site "chess24.com INT"]
[Date "2020.03.16"]
[Round "3.7"]
[White "Duda, Jan-Krzysztof"]
[Black "Edouard, Romain"]
[Result "1-0"]
[WhiteTitle "GM"]
[BlackTitle "GM"]
[WhiteElo "2734"]
[BlackElo "2641"]
[WhiteFideId "1170546"]
[BlackFideId "633429"]
[EventDate "2019.09.25"]
[EventType "blitz"]

1. d4 Nf6 2. c4 b6 3. Nc3 Bb7 4. Qc2 d5 5. cxd5 Nxd5 6. Nf3 g6 7. e4 Nxc3 8.
bxc3 Bg7 9. h4 Qd6 10. h5 Nd7 11. h6 Bf8 12. Bc4 e6 13. e5 Qc6 14. Bd3 Qd5 15.
a4 c5 16. O-O cxd4 17. cxd4 Rc8 18. Qe2 g5 19. Bxg5 Rg8 20. Ba6 Be7 21. Bxb7
Qxb7 22. Bf4 Rg4 23. g3 Nf8 24. Rfc1 Rd8 25. Be3 Ng6 26. Ra2 Qe4 27. Rac2 Bh4
28. Nd2 Qf5 29. Qf3 Qh5 30. Rc8 Bg5 31. Rxd8+ Bxd8 32. Rc8 Qf5 33. Qc6+ Ke7 34.
Qd6+ Ke8 35. Rxd8# 1-0

[Event "Chess24 Banter Blitz Cup"]
[Site "chess24.com INT"]
[Date "2020.03.16"]
[Round "3.8"]
[White "Edouard, Romain"]
[Black "Duda, Jan-Krzysztof"]
[Result "0-1"]
[WhiteTitle "GM"]
[BlackTitle "GM"]
[WhiteElo "2641"]
[BlackElo "2734"]
[WhiteFideId "633429"]
[BlackFideId "1170546"]
[EventDate "2019.09.25"]
[EventType "blitz"]

1. b3 d5 2. Bb2 Nf6 3. e3 e6 4. g4 h6 5. h4 c5 6. Bg2 Nc6 7. d3 d4 8. Nd2 Nd5 9.
Qe2 Be7 10. Nh3 Bxh4 11. Bxd5 Qxd5 12. e4 Qd8 13. O-O-O a5 14. Nf4 Bg5 15. Nh5
g6 16. f4 Be7 17. Ng3 a4 18. Rh3 axb3 19. axb3 Ra2 20. Kb1 Nb4 21. Nc4 b5 22.
Ba3 Rxc2 23. Qe1 Rc3 0-1

[Event "Chess24 Banter Blitz Cup"]
[Site "chess24.com INT"]
[Date "2020.03.16"]
[Round "3.9"]
[White "Duda, Jan-Krzysztof"]
[Black "Edouard, Romain"]
[Result "1-0"]
[WhiteTitle "GM"]
[BlackTitle "GM"]
[WhiteElo "2734"]
[BlackElo "2641"]
[WhiteFideId "1170546"]
[BlackFideId "633429"]
[EventDate "2019.09.25"]
[EventType "blitz"]

1. c4 c5 2. Nf3 Nc6 3. Nc3 e5 4. g3 f5 5. Bg2 g5 6. d3 g4 7. Nh4 d6 8. h3 Nf6 9.
hxg4 Nxg4 10. Ng6 Rg8 11. Nxf8 Rxf8 12. Rxh7 Rf7 13. Rh8+ Rf8 14. Rh7 Rf7 15.
Rh1 Be6 16. Nd5 Qd7 17. f3 O-O-O 18. fxg4 fxg4 19. Be3 Nd4 20. Bxd4 exd4 21. Qb3
Re8 22. Nf4 Bf5 23. O-O-O Re3 24. Rh8+ 1-0